000 02527nam0a2200337 4500
001 RU\NLR\BIBL_A\022662501
005 20260123102251.0
010 _a978-5-89588-636-6
_940
021 _aRU
_bКН-П-25-058497
_9КН-П-25-5636
035 _a(NLR Aleph) 022662501
090 _a13535862
_c13535862
100 _a20251110d2025 u y0rusy50 ca
101 0 _arus
102 _aRU
105 _aa j 000yy
181 0 _ai3
_baxxe
182 0 _an
200 1 _aИммунитет полости рта
_eучебное пособие
_eпо специальности 31.05.03 Стоматология для освоения соответствующего раздела дисциплины "Микробиология, вирусология - микробиология полости рта"
_fЛ. В. Филиппова, О. Д. Васильев
_gМинистерство здравоохранения Российской Федерации, Федеральное государственное бюджетное образовательное учреждение высшего образования "Северо-Западный государственный медицинский университет имени И. И. Мечникова" Министерства здравоохранения Российской Федерации (ФГБОУ ВО СЗГМУ им. И. И. Мечникова Минздрава России), Кафедра медицинской микробиологии
203 _aТекст
_bвизуальный
_cнепосредственный
210 _aСанкт-Петербург
_cИзд-во ФГБОУ ВО СЗГМУ им. И. И. Мечникова Минздрава России
_d2025
215 _a71 с.
_cил., табл.
_d21
320 _aБиблиогр.: с. 71 (6 назв.)
606 1 _aПолость рта
_xИммунологические исследования
_jУчебные издания для высших учебных заведений
_2nlr_sh2
_3RU\NLR\AUTH\6601656148
686 1 _aР252.325я73
686 1 _aР661.2-205я73
700 1 _aФилиппова
_bЛ. В.
_cканд. мед. наук
_gЛариса Вячеславовна
_3RU\NLR\AUTH\770279455
701 1 _aВасильев
_bО. Д.
_cканд. мед. наук, микробиология
_gОлег Дмитриевич
_3RU\NLR\AUTH\770232752
942 _cBOOK
980 _aNB